[Event "23rd Alekhine Master 2019"]
[Site "Voronezh"]
[Date "2019.06.12"]
[Round "1.2"]
[White "Tsydypov, Zhamsaran"]
[Black "Cherednichenko, Dmitrij"]
[Result "1-0"]
[WhiteElo "2573"]
[BlackElo "2304"]
[Annotator "ChessBase"]
[PlyCount "93"]
[EventDate "2019.06.12"]
[EventType "swiss"]
[EventCountry "RUS"]
[SourceTitle "playchess.com"]
[Source "ChessBase"]
[SourceQuality "1"]
[TimeControl "40/5400+30:1800+30"]

1. e4 {[%emt 0:00:45]} e6 {[%emt 0:02:36]} 2. d4 {[%emt 0:00:08]} d5 {[%emt 0:00:07]} 3. Nc3 {[%emt 0:00:04]} dxe4 {[%emt 0:00:54]} 4. Nxe4 {[%emt 0:00:10]} Nd7 {[%emt 0:00:04]} 5. Nf3 {[%emt 0:00:55]} Ngf6 {[%emt 0:00:34]} 6. Nxf6+ {[%emt 0:00:45]} Nxf6 {[%emt 0:00:09]} 7. Be3 {[%emt 0:00:27]} Be7 {[%emt 0:03:55]} 8. Bd3 {[%emt 0:01:38]} O-O {[%emt 0:01:32]} 9. Qe2 {[%emt 0:00:20]} b6 {[%emt 0:05:02]} 10. O-O-O {[%emt 0:04:48]} Bb7 {[%emt 0:06:58]} 11. Ne5 {[%emt 0:00:37]} Nd5 {[%emt 0:13:46]} 12. Bd2 {[%emt 0:02:20]} Nb4 {[%emt 0:18:27]} 13. Bc4 {[%emt 0:03:06]} Bd5 {[%emt 0:17:10]} 14. Bxd5 {[%emt 0:00:35]} Qxd5 {[%emt 0:02:44]} 15. c4 {[%emt 0:00:56]} Qd6 {[%emt 0:03:30]} 16. Bf4 {[%emt 0:08:32]} Nc6 {[%emt 0:01:41]} 17. Ng6 {[%emt 0:06:09]} Bg5 {[%emt 0:00:18]} 18. Bxg5 {[%emt 0:01:13]} hxg6 {[%emt 0:07:26]} 19. Qe4 {[%emt 0:03:24]} Na5 {[%emt 0:02:19]} 20. b3 {[%emt 0:00:06]} Qa3+ {[%emt 0:05:33]} 21. Kb1 {[%emt 0:00:07]} Nxc4 {[%emt 0:01:07]} 22. bxc4 {[%emt 0:01:28]} Qb4+ {[%emt 0:00:42]} 23. Kc2 {[%emt 0:01:28]} Qxc4+ {[%emt 0:00:08]} 24. Kd2 {[%emt 0:00:08]} Qxa2+ {[%emt 0:00:17]} 25. Ke3 {[%emt 0:00:49]} c5 {[%emt 0:00:20]} 26. Be7 {[%emt 0:03:29]} cxd4+ {[%emt 0:00:45]} 27. Rxd4 {[%emt 0:03:27]} Rfc8 {[%emt 0:00:40]} 28. Rhd1 {[%emt 0:01:20]} Rc3+ {[%emt 0:00:20]} 29. R1d3 {[%emt 0:00:09]} Rac8 {[%emt 0:00:20]} 30. Bb4 {[%emt 0:00:34]} Rxd3+ {[%emt 0:01:36]} 31. Qxd3 {[%emt 0:00:12]} a5 {[%emt 0:00:20]} 32. Rd8+ {[%emt 0:05:03]} Rxd8 {[%emt 0:00:06]} 33. Qxd8+ {[%emt 0:00:03]} Kh7 {[%emt 0:00:07]} 34. Bf8 {[%emt 0:00:21]} e5 {[%emt 0:02:22]} 35. Qxb6 {[%emt 0:00:32]} f5 {[%emt 0:01:32]} 36. Qb7 {[%emt 0:03:06]} Qg8 {[%emt 0:00:44]} 37. Bd6 {[%emt 0:01:53]} Qe6 {[%emt 0:01:15]} 38. Bb8 {[%emt 0:02:21]} f4+ {[%emt 0:00:58]} 39. Kf3 {[%emt 0:01:14]} Qc4 {[%emt 0:00:31]} 40. g3 {[%emt 0:00:00]} Qd3+ {[%emt 0:00:00]} 41. Kg2 {[%emt 0:01:57]} e4 {[%emt 0:01:00]} 42. Qe7 {[%emt 0:03:38]} Qf3+ {[%emt 0:24:43]} 43. Kh3 {[%emt 0:01:01]} fxg3 {[%emt 0:02:31]} 44. Qh4+ {[%emt 0:01:30]} Kg8 {[%emt 0:00:06]} 45. Qxg3 {[%emt 0:04:31]} Qh5+ {[%emt 0:01:40]} 46. Kg2 {[%emt 0:00:13]} a4 {[%emt 0:00:19]} 47. Be5 {[%emt 0:01:34]} 1-0

[Event "23rd Alekhine Master 2019"]
[Site "Voronezh"]
[Date "2019.06.12"]
[Round "1.3"]
[White "Makoveev, Ilya"]
[Black "Rozum, Ivan"]
[Result "1-0"]
[WhiteElo "2304"]
[BlackElo "2572"]
[Annotator "TA"]
[PlyCount "106"]
[EventDate "2019.06.12"]
[EventType "swiss"]
[EventCountry "RUS"]
[SourceTitle "playchess.com"]
[Source "ChessBase"]
[SourceQuality "1"]

{[%evp 11,105,16,37,3,28,0,28,0,16,0,59,0,31,4,12,7,9,-11,-11,-14,-21,-45,0,0,12,0,11,0,0,0,39,55,167,162,156,150,218,-39,-56,-116,-133,-137,-137,-133,-152,-143,-125,-143,-116,-184,-189,-200,-193,-215,-208,-195,-209,-195,-203,-283,-260,-335,-292,-329,-335,-311,-308,-393,-413,-422,-393,-508,-497,-655,-651,-751,-722,-779,-734,-1347,-1347,-1341,-1340,-1243,-1296,-1252,-1151,-29984,-29985,-29985,-29986,-29986,-29987,-29994,-29995,-29995]} 1. e4 d6 2. d4 Nf6 3. Nc3 e5 4. Nf3 Nbd7 5. Be2 Be7 6. O-O O-O 7. Be3 {C41: Philidor Defence} Re8 8. Re1 $146 ({Predecessor:} 8. Nd2 c6 9. a4 Qc7 10. f4 b6 11. Qe1 Bb7 12. Qg3 exd4 13. Bxd4 c5 14. Bf2 Bf8 {1-0 (47) Dvoirys,S (2553)-Bocharov,D (2577) Salekhard 2006}) 8... Bf8 9. Nd2 {White has an edge.} c6 10. a4 Qc7 (10... exd4 $11 11. Bxd4 Nc5) 11. Bf1 (11. d5 $14) 11... b6 {[%cal Bb7b6,Bb6b5][%mdl 32]} 12. g3 Bb7 13. Bg2 a6 14. Rb1 b5 15. b4 Nb6 16. f4 Nfd7 (16... Nxa4 $15 17. Nxa4 bxa4) 17. a5 $36 {[%mdl 2048] White has good play.} Nc8 18. Nf3 exd4 19. Qxd4 c5 20. Nd5 Bxd5 (20... Qd8 $5 {[%cal Rc5d4]} 21. Qd2 cxb4 $11) 21. Qxd5 Rb8 (21... Ne7 $14 22. Qa2 h6) 22. e5 $1 $18 ({Of course not} 22. Ng5 $6 Nf6 $11) 22... dxe5 23. fxe5 {Black must now prevent Bf4.} ({But not} 23. Ng5 $6 Nf6 $14) 23... cxb4 (23... Ne7 $16 {is a better defense.} 24. Qd6 Qxd6 25. exd6 Nf5 26. Bxc5 Nf6) 24. Kh1 $2 (24. Ng5 $1 $18 Nxe5 25. Bd4) 24... Ne7 $15 25. Qd3 ({Better is} 25. Qd6 $15 Qxd6 26. exd6) 25... Ng6 $17 ({Inferior is} 25... Nxe5 26. Nxe5 Qxe5 27. Bf4 $16) 26. Bf4 {aiming for e6.} Nc5 27. Qf5 {e6 is the strong threat.} Ne6 28. Ng5 Nxg5 29. Qxg5 Nxf4 30. gxf4 (30. Qxf4 $17 Rbd8 31. e6 Qxf4 32. gxf4) 30... Qxa5 $19 31. f5 Qc7 32. e6 fxe6 33. fxe6 Qxc2 34. Be4 {[#]} Qc5 $1 {[%cal Rc5g5]} 35. Qh4 {[%csl Ge4][%cal Rh4h7] [#]} g6 $1 36. Qf6 Qe7 37. Qf3 Bg7 38. Rbd1 Rbd8 39. Bd5 Rf8 40. Qe4 Kh8 41. Re3 a5 {[%cal Ba6a5,Ba5a4][%mdl 32]} 42. Rh3 Rf5 43. Qg2 {Hoping for Qxg6.} Rg5 44. Qe4 a4 45. Qh4 Bf6 46. Qe4 b3 47. Rhd3 Re5 48. Qg2 {[#]} b2 $1 49. Qc2 {[#]} (49. Qxb2 Re1+) 49... Rexd5 $1 {Black mates.} 50. Rxd5 Rxd5 51. Rxd5 {[#]} Qb7 $1 52. Qe4 {[#]} b1=Q+ $1 53. Qxb1 {[%mdl 32768] Accuracy: White = 24%, Black = 63%. . Loss on time!?} Qxd5+ 1-0

[Event "23rd Alekhine Master 2019"]
[Site "Voronezh"]
[Date "2019.06.12"]
[Round "1.4"]
[White "Shaposhnikov, Evgeny"]
[Black "Pogorelskikh, Sergey"]
[Result "1-0"]
[WhiteElo "2572"]
[BlackElo "2299"]
[Annotator "TA"]
[PlyCount "83"]
[EventDate "2019.06.12"]
[EventType "swiss"]
[EventCountry "RUS"]
[SourceTitle "playchess.com"]
[Source "ChessBase"]
[SourceQuality "1"]

{[%evp 11,83,27,30,6,38,27,54,22,93,62,61,62,64,29,60,66,51,55,58,52,93,46,78,82,106,104,140,77,95,87,95,72,76,31,79,84,87,76,119,129,132,114,444,433,416,288,272,291,277,259,300,296,391,381,383,363,374,383,379,371,420,416,408,387,504,497,491,474,511,497,509,502,487,478]} 1. e4 c5 2. Nf3 d6 3. d4 cxd4 4. Nxd4 Nf6 5. Nc3 a6 6. g3 e5 7. Nb3 {B91: Sicilian Najdorf: 6 g3} b6 (7... Be7 8. Bg2 O-O 9. O-O b5 10. a4 b4 11. Nd5 Nxd5 12. Qxd5 Ra7 13. Be3 Be6 14. Qd3 Rb7 15. Rfc1 Qc7 16. a5 Nd7 17. Bf1 Ra8 {½-½ (71) Nepomniachtchi,I (2773)-Vachier Lagrave,M (2780) Abidjan 2019}) 8. Bg2 Bb7 9. O-O {White is slightly better.} b5 $146 (9... Be7 $11 {remains equal.}) ({Predecessor:} 9... Nbd7 10. Nd2 Rc8 11. Re1 b5 12. Nf1 Nb6 13. Ne3 Be7 14. Nf5 O-O {1-0 (35) Naiditsch,A (2678)-Mas,H (2439) Dresden 2008}) 10. Bg5 Nbd7 11. a4 b4 12. Na2 a5 13. c3 $36 {[%mdl 2048] White is more active.} bxc3 14. Nxc3 Be7 15. Nb5 Ba6 16. Re1 Bxb5 17. axb5 O-O 18. Ra4 Qb8 19. Nxa5 ({White should try} 19. Qe2) 19... Qxb5 $16 {[#] Threatens to win with ...Nc5.} 20. Bf1 $1 {[%cal Rf1b5]} Qb6 21. Be3 Qc7 22. Bd2 (22. Qa1 $5 {[%cal Re1c1]}) 22... d5 23. exd5 Nb6 24. Ra1 Nfxd5 25. Rc1 Qd6 26. Nc6 f6 $2 {[%mdl 8192]} (26... Rac8 $16 {is tougher.}) 27. Qb3 $18 Kh8 28. Ba5 Rxa5 29. Nxa5 Qb4 30. Ra1 Ra8 31. Bg2 Rxa5 32. Qxb4 Bxb4 33. Rxa5 Bxa5 34. Ra1 Bb4 35. Bxd5 {[%mdl 4096] Endgame KRB-KBN} g6 36. Be6 Bc5 37. b3 f5 38. Ra7 {White is clearly winning.} Bd4 39. Rc7 Bb2 40. h4 Bd4 {[#]} 41. h5 $1 gxh5 42. Bxf5 {Accuracy: White = 66%, Black = 27%.} 1-0

[Event "23rd Alekhine Master 2019"]
[Site "Voronezh"]
[Date "2019.06.12"]
[Round "1.5"]
[White "Ibadov, Dashgyn"]
[Black "Savchenko, Boris"]
[Result "0-1"]
[WhiteElo "2298"]
[BlackElo "2567"]
[Annotator "ChessBase"]
[PlyCount "60"]
[EventDate "2019.06.12"]
[EventType "swiss"]
[EventCountry "RUS"]
[SourceTitle "playchess.com"]
[Source "ChessBase"]
[SourceQuality "1"]
[TimeControl "40/5400+30:1800+30"]

1. e4 {[%emt 0:00:00]} c5 {[%emt 0:00:00]} 2. Nf3 {[%emt 0:00:00]} e6 {[%emt 0:00:00]} 3. d4 {[%emt 0:00:00]} cxd4 {[%emt 0:00:00]} 4. Nxd4 {[%emt 0:00:01]} Nf6 {[%emt 0:00:01]} 5. Nc3 {[%emt 0:00:05]} d6 {[%emt 0:00:08]} 6. g4 {[%emt 0:01:08]} h6 {[%emt 0:00:32]} 7. h3 {[%emt 0:00:45]} Be7 {[%emt 0:00:24]} 8. Bg2 {[%emt 0:01:38]} Nc6 {[%emt 0:00:10]} 9. Be3 {[%emt 0:00:49]} a6 {[%emt 0:00:26]} 10. Qe2 {[%emt 0:01:51]} Nxd4 {[%emt 0:07:50]} 11. Bxd4 {[%emt 0:00:04]} e5 {[%emt 0:00:05]} 12. Be3 {[%emt 0:00:14]} b5 {[%emt 0:00:06]} 13. O-O-O {[%emt 0:12:00]} b4 {[%emt 0:00:22]} 14. Nd5 {[%emt 0:00:42]} Nxd5 {[%emt 0:00:13]} 15. exd5 {[%emt 0:00:13]} a5 {[%emt 0:02:39]} 16. Kb1 {[%emt 0:01:23]} O-O {[%emt 0:01:52]} 17. Qd2 {[%emt 0:18:45]} f5 {[%emt 0:12:44]} 18. f4 {[%emt 0:13:37]} exf4 {[%emt 0:08:13]} 19. Bxf4 {[%emt 0:00:04]} fxg4 {[%emt 0:01:01]} 20. Be4 {[%emt 0:05:55]} g5 {[%emt 0:17:21]} 21. Be3 {[%emt 0:04:25]} gxh3 {[%emt 0:00:38]} 22. Qd3 {[%emt 0:07:45]} Bf6 {[%emt 0:00:41]} 23. Rde1 {[%emt 0:24:38]} Bg7 {[%emt 0:02:20]} 24. Bc1 {[%emt 0:00:35]} Ra7 {[%emt 0:01:49]} 25. Bh7+ {[%emt 0:00:46]} Kh8 {[%emt 0:00:07]} 26. Bg6 {[%emt 0:00:09]} a4 {[%emt 0:08:43]} 27. Rhf1 {[%emt 0:02:49]} Rxf1 {[%emt 0:00:51]} 28. Rxf1 {[%emt 0:00:34]} Ba6 {[%emt 0:00:29]} 29. Qxh3 {[%emt 0:00:33]} Bxf1 {[%emt 0:00:12]} 30. Qxf1 {[%emt 0:00:02]} Qf6 {[%emt 0:00:11]} 0-1

[Event "23rd Alekhine Master 2019"]
[Site "Voronezh"]
[Date "2019.06.12"]
[Round "1.6"]
[White "Volkov, Sergey"]
[Black "Cervantes Landeiro, Thalia"]
[Result "*"]
[WhiteElo "2567"]
[BlackElo "2298"]
[Annotator "TA"]
[PlyCount "53"]
[EventDate "2019.06.12"]
[EventType "swiss"]
[EventCountry "RUS"]
[SourceTitle "playchess.com"]
[Source "ChessBase"]
[SourceQuality "1"]

{[%evp 17,53,49,72,74,83,75,81,77,74,94,96,98,95,95,99,67,124,122,139,135,189,191,278,285,285,258,658,419,672,635,627,611,595,367,322,304,342,327]} 1. d4 c5 2. Nf3 e6 3. g3 Nf6 4. Bg2 Nc6 5. O-O d5 6. c4 Be7 7. Nc3 O-O 8. cxd5 exd5 9. Bg5 Ne4 10. Bxe7 {D34: Tarrasch Defence: 6 g3 Nf6 7 Bg2 Be7} Nxe7 11. dxc5 Nxc3 (11... Nxc5 12. Rc1 b6 13. b4 Ne6 14. Qb3 Bb7 15. Rfd1 Rc8 16. e3 a6 17. Rd3 Qc7 18. Rcd1 Qb8 19. Nh4 Nc7 20. e4 dxe4 {1-0 (28) El Adnani,M (2403)-Achraf Hadj,K (2105) Agadir 2016}) 12. bxc3 {White is better.} Qc7 13. Qd4 Be6 14. Ng5 $146 ({Predecessor:} 14. Rab1 Rfc8 15. Ng5 Nf5 16. Qb4 Qxc5 17. Qxb7 Rab8 18. Qxb8 Rxb8 19. Rxb8+ {½-½ (58) Lamprecht,M (2220)-Wroblowski,O (1954) Solingen 2009}) 14... Rac8 15. Nxe6 fxe6 16. Rab1 Rf7 (16... Nf5 $14 17. Qa4 Qxc5) 17. e4 Nc6 18. Qe3 Rd8 (18... dxe4 $16 {keeps fighting.} 19. Bxe4 (19. Qxe4 Nd8 $16) 19... Rff8) 19. Rfd1 {[%cal Re4d5]} Rfd7 (19... Re7 $142 20. exd5 exd5) 20. exd5 $18 exd5 {[#]} 21. Rxd5 $1 {[%mdl 512] And now Qe6+ would win.} Ne7 $2 (21... Re7) (21... Rxd5 22. Bxd5+) 22. Qe6+ Kh8 (22... Kf8 $142) 23. Rxd7 Rxd7 24. Bxb7 Rd8 25. Be4 {[#] Rb7! is the strong threat.} Qxc5 26. Rb7 Ng8 27. Qf5 {Accuracy: White = 72%, Black = 57%.} *

[Event "23rd Alekhine Master 2019"]
[Site "Voronezh"]
[Date "2019.06.12"]
[Round "1.7"]
[White "Krivenko, Sergey"]
[Black "Goganov, Aleksey"]
[Result "0-1"]
[WhiteElo "2297"]
[BlackElo "2559"]
[Annotator "ChessBase"]
[PlyCount "102"]
[EventDate "2019.06.12"]
[EventType "swiss"]
[EventCountry "RUS"]
[SourceTitle "playchess.com"]
[Source "ChessBase"]
[SourceQuality "1"]
[TimeControl "40/5400+30:1800+30"]

1. d4 {[%emt 0:00:00]} Nf6 {[%emt 0:00:00]} 2. c4 {[%emt 0:00:00]} e6 {[%emt 0:00:00]} 3. Nc3 {[%emt 0:00:00]} Bb4 {[%emt 0:00:00]} 4. a3 {[%emt 0:00:49]} Bxc3+ {[%emt 0:00:00]} 5. bxc3 {[%emt 0:00:01]} b6 {[%emt 0:00:17]} 6. f3 {[%emt 0:00:01]} Nc6 {[%emt 0:00:30]} 7. e4 {[%emt 0:00:10]} Ba6 {[%emt 0:00:40]} 8. Bg5 {[%emt 0:00:22]} h6 {[%emt 0:00:05]} 9. Bh4 {[%emt 0:00:01]} Na5 {[%emt 0:00:53]} 10. Qa4 {[%emt 0:01:09]} Qc8 {[%emt 0:10:01]} 11. Bxf6 {[%emt 0:08:33]} gxf6 {[%emt 0:00:06]} 12. Nh3 {[%emt 0:00:04]} Qb7 {[%emt 0:04:00]} 13. d5 {[%emt 0:02:06]} c6 {[%emt 0:02:23]} 14. dxe6 {[%emt 0:04:40]} dxe6 {[%emt 0:00:47]} 15. c5 {[%emt 0:05:31]} Bxf1 {[%emt 0:01:59]} 16. Rxf1 {[%emt 0:00:01]} Qc7 {[%emt 0:02:31]} 17. Qd4 {[%emt 0:05:59]} Qe5 {[%emt 0:03:34]} 18. Qxe5 {[%emt 0:05:51]} fxe5 {[%emt 0:00:11]} 19. cxb6 {[%emt 0:00:02]} axb6 {[%emt 0:00:07]} 20. Nf2 {[%emt 0:00:09]} Nc4 {[%emt 0:04:36]} 21. Ke2 {[%emt 0:01:18]} Ke7 {[%emt 0:00:16]} 22. Nd3 {[%emt 0:10:06]} Ra4 {[%emt 0:03:47]} 23. Nb4 {[%emt 0:07:47]} c5 {[%emt 0:01:03]} 24. Nc2 {[%emt 0:00:08]} Rg8 {[%emt 0:02:45]} 25. Rg1 {[%emt 0:06:39]} Rd8 {[%emt 0:02:08]} 26. Rgd1 {[%emt 0:01:04]} Rda8 {[%emt 0:01:19]} 27. Rdb1 {[%emt 0:03:00]} Kd7 {[%emt 0:01:42]} 28. Rb3 {[%emt 0:04:34]} Kc6 {[%emt 0:00:41]} 29. g4 {[%emt 0:02:42]} Rd8 {[%emt 0:02:15]} 30. Rd1 {[%emt 0:00:46]} Rxd1 {[%emt 0:00:41]} 31. Kxd1 {[%emt 0:00:02]} Ra8 {[%emt 0:01:23]} 32. Ke2 {[%emt 0:00:53]} Rd8 {[%emt 0:01:45]} 33. Ne3 {[%emt 0:00:36]} Nxe3 {[%emt 0:01:33]} 34. Kxe3 {[%emt 0:00:01]} c4 {[%emt 0:00:10]} 35. Rb4 {[%emt 0:03:07]} Rd3+ {[%emt 0:00:33]} 36. Kf2 {[%emt 0:02:31]} Rxc3 {[%emt 0:00:11]} 37. a4 {[%emt 0:00:00]} Kc5 {[%emt 0:01:40]} 38. Rb5+ {[%emt 0:00:11]} Kd4 {[%emt 0:00:07]} 39. Rxb6 {[%emt 0:05:32]} Rc2+ {[%emt 0:01:35]} 40. Kg3 {[%emt 0:00:00]} Ra2 {[%emt 0:00:00]} 41. Rb7 {[%emt 0:06:17]} c3 {[%emt 0:03:30]} 42. Rd7+ {[%emt 0:03:50]} Ke3 {[%emt 0:00:45]} 43. Rxf7 {[%emt 0:00:16]} Rxa4 {[%emt 0:00:21]} 44. Rc7 {[%emt 0:01:47]} Kd3 {[%emt 0:00:28]} 45. g5 {[%emt 0:04:19]} hxg5 {[%emt 0:00:08]} 46. Kg4 {[%emt 0:00:01]} Rc4 {[%emt 0:00:17]} 47. Rd7+ {[%emt 0:00:05]} Ke2 {[%emt 0:00:42]} 48. Ra7 {[%emt 0:00:22]} c2 {[%emt 0:00:00]} 49. Ra2 {[%emt 0:00:01]} Ke3 {[%emt 0:00:17]} 50. Ra3+ {[%emt 0:00:06]} Kd4 {[%emt 0:00:04]} 51. Ra2 Kd3 0-1

[Event "23rd Alekhine Master 2019"]
[Site "Voronezh"]
[Date "2019.06.12"]
[Round "1.8"]
[White "Fedorov, Alexei"]
[Black "Grachev, Alexey"]
[Result "1-0"]
[WhiteElo "2553"]
[BlackElo "2293"]
[Annotator "TA"]
[PlyCount "77"]
[EventDate "2019.06.12"]
[EventType "swiss"]
[EventCountry "RUS"]
[SourceTitle "playchess.com"]
[Source "ChessBase"]
[SourceQuality "1"]

{[%evp 10,77,18,1,16,22,22,13,29,34,33,27,39,29,25,16,31,15,21,18,51,51,77,0,60,-8,0,-20,-20,-52,-39,-26,26,47,160,153,153,171,151,145,162,168,159,166,168,160,190,181,223,203,177,189,302,297,276,248,264,224,222,192,474,474,375,368,368,366,366,341,358,372]} 1. e4 c6 2. d4 d5 3. e5 Bf5 4. Nd2 e6 5. Nb3 Nd7 6. Nf3 a6 {B12: Caro-Kann: Advance Variation} 7. Be2 c5 8. c3 c4 {The position is equal.} 9. Nbd2 $1 {[%cal Bb3d2,Bd2f1,Bf1e3][%mdl 32]} h6 10. Nf1 Ne7 $146 ({Predecessor:} 10... b5 11. Ne3 Bh7 12. O-O Ne7 {1-0 (44) Anton Guijarro,D (2651)-Lupulescu,C (2620) Heraklio 2017}) 11. Ne3 Bh7 12. g3 b5 13. O-O Nf5 14. Ng2 g5 15. Nfe1 Qb6 16. Kh1 (16. a4 $16) 16... O-O-O ({Black should try} 16... f6 $11) 17. b3 (17. f4 $14) 17... f6 $11 18. a4 fxe5 19. axb5 axb5 {[%cal Re5d4]} 20. dxe5 Be7 (20... Nxe5 $142 21. f4 gxf4 22. Bxf4 Bg7) 21. Nf3 Kc7 (21... g4 $14 22. Nd4 h5) 22. g4 $1 $16 {[%cal Rg4f5]} Ng7 23. Be3 Bc5 24. Nd4 {Threatens to win with b4.} Ra8 25. b4 $36 {[%mdl 2048] White has strong initiative.} Bxd4 26. Bxd4 Qb7 {[#]} 27. Qd2 $1 Rxa1 28. Rxa1 Ra8 29. Rxa8 Qxa8 {[#]} 30. h4 $1 gxh4 (30... Qd8 {is a better defense.} 31. hxg5 hxg5) 31. Qxh6 $18 {[%mdl 64] Double Attack} Qg8 32. Nxh4 ({But not} 32. Qxh4 $6 Bd3 $18) 32... Bd3 33. Bf3 Nb8 34. Bc5 {Bxd5! is the strong threat.} Nc6 $2 {[#]} (34... Ne8 {was called for.} 35. g5 Nd7) 35. Bxd5 $1 {[%mdl 576] Pin} Nxe5 (35... exd5 36. Qd6+) 36. Qf4 exd5 37. Qxe5+ Kc8 38. f3 ({Not} 38. Qd6 Qe6 $18) 38... Qf7 39. Bf2 {Accuracy: White = 73%, Black = 36%.} 1-0

[Event "23rd Alekhine Master 2019"]
[Site "Voronezh"]
[Date "2019.06.12"]
[Round "1.9"]
[White "Tomilova, Elena"]
[Black "Meshkovs, Nikita"]
[Result "1/2-1/2"]
[WhiteElo "2289"]
[BlackElo "2550"]
[Annotator "ChessBase"]
[PlyCount "93"]
[EventDate "2019.06.12"]
[EventType "swiss"]
[EventCountry "RUS"]
[SourceTitle "playchess.com"]
[Source "ChessBase"]
[SourceQuality "1"]
[TimeControl "40/5400+30:1800+30"]

1. d4 {[%emt 0:00:00]} Nf6 {[%emt 0:00:32]} 2. Bg5 {[%emt 0:00:00]} d5 {[%emt 0:00:23]} 3. Bxf6 {[%emt 0:00:00]} gxf6 {[%emt 0:00:16]} 4. e3 {[%emt 0:00:00]} e6 {[%emt 0:01:40]} 5. Nf3 {[%emt 0:00:22]} c5 {[%emt 0:02:14]} 6. dxc5 {[%emt 0:00:31]} Bxc5 {[%emt 0:00:49]} 7. Be2 {[%emt 0:00:15]} Qb6 {[%emt 0:03:16]} 8. Qc1 {[%emt 0:03:11]} Nc6 {[%emt 0:00:26]} 9. O-O {[%emt 0:00:46]} Bd7 {[%emt 0:01:36]} 10. c4 {[%emt 0:01:28]} d4 {[%emt 0:02:37]} 11. exd4 {[%emt 0:02:22]} Nxd4 {[%emt 0:00:09]} 12. Nxd4 {[%emt 0:00:11]} Bxd4 {[%emt 0:00:05]} 13. Nc3 {[%emt 0:00:05]} Bc6 {[%emt 0:01:14]} 14. Nb5 {[%emt 0:07:50]} Rg8 {[%emt 0:10:45]} 15. g3 {[%emt 0:00:15]} O-O-O {[%emt 0:00:08]} 16. a4 {[%emt 0:11:46]} a5 {[%emt 0:11:43]} 17. Ra3 {[%emt 0:03:11]} Qc5 {[%emt 0:02:23]} 18. Bf3 {[%emt 0:06:11]} Be5 {[%emt 0:01:18]} 19. Qe3 {[%emt 0:07:33]} Qxe3 {[%emt 0:10:45]} 20. Rxe3 {[%emt 0:00:08]} Bxf3 {[%emt 0:09:27]} 21. Rxf3 {[%emt 0:00:04]} Rd2 {[%emt 0:00:06]} 22. b3 {[%emt 0:01:46]} Rgd8 {[%emt 0:04:04]} 23. Re1 {[%emt 0:00:55]} Rb2 {[%emt 0:05:29]} 24. Kg2 {[%emt 0:02:32]} Rdd2 {[%emt 0:02:30]} 25. Re4 {[%emt 0:03:03]} Rd8 {[%emt 0:06:20]} 26. Rh4 {[%emt 0:00:36]} Rh8 {[%emt 0:00:21]} 27. Re3 {[%emt 0:06:08]} Kd7 {[%emt 0:00:37]} 28. Kf1 {[%emt 0:10:24]} Ke7 {[%emt 0:00:47]} 29. f4 {[%emt 0:07:53]} Bd6 {[%emt 0:00:58]} 30. Nxd6 {[%emt 0:00:50]} Kxd6 {[%emt 0:00:07]} 31. f5 {[%emt 0:03:54]} e5 {[%emt 0:00:41]} 32. Rh6 {[%emt 0:00:18]} Ke7 {[%emt 0:00:25]} 33. Rd3 {[%emt 0:00:15]} Rg8 {[%emt 0:03:46]} 34. h3 {[%emt 0:03:19]} Rc8 {[%emt 0:09:57]} 35. g4 {[%emt 0:03:23]} b5 {[%emt 0:01:02]} 36. axb5 {[%emt 0:00:41]} a4 {[%emt 0:00:04]} 37. bxa4 {[%emt 0:03:45]} Rxc4 {[%emt 0:00:11]} 38. Rd1 {[%emt 0:00:21]} Rxa4 {[%emt 0:01:07]} 39. Rxh7 {[%emt 0:00:20]} Ra8 {[%emt 0:05:53]} 40. Rc1 {[%emt 0:00:00]} Raa2 {[%emt 0:00:00]} 41. Rh8 {[%emt 0:04:42]} Rxb5 {[%emt 0:03:48]} 42. Rd1 {[%emt 0:01:24]} Rbb2 {[%emt 0:06:53]} 43. Rhd8 {[%emt 0:00:20]} Rf2+ {[%emt 0:00:06]} 44. Kg1 {[%emt 0:00:03]} Rg2+ {[%emt 0:00:05]} 45. Kh1 {[%emt 0:00:15]} Rh2+ {[%emt 0:00:05]} 46. Kg1 {[%emt 0:00:03]} Rhg2+ {[%emt 0:00:07]} 47. Kh1 {[%emt 0:00:04]} 1/2-1/2